{"text_format":"3","workbook":"xlsx","n_sheets":2,"sheets":["报价表","明细表"],"read":"whole","date_system":"1900"}

{"sheet":"报价表","index":0,"n_rows":6,"n_cols":7,"rows_kept":6,"merged":[[5,0,5,5]]}
["序号","产品名称","品牌型号","单位","数量","单价","小计"]
[1,"10米激光报靶系统","SIUS、LS10G3","套",60,{"$f":"G2/E2","v":{"v":140402.9,"d":"140,402.90"}},{"v":8424174,"d":"8,424,174.00"}]
[2,"25米激光报靶系统","SIUS、LS25/50","套",40,{"$f":"G3/E3","v":{"v":135484.31,"d":"135,484.31"}},{"v":5419372.4,"d":"5,419,372.40"}]
[3,"50米激光报靶系统","SIUS、LS25/50","套",40,{"$f":"G4/E4","v":{"v":142034.89,"d":"142,034.89"}},{"v":5681395.6,"d":"5,681,395.60"}]
[4,"配套场地改造","/","次",1,{"v":455835,"d":"455,835.00"},{"$f":"F5","v":{"v":455835,"d":"455,835.00"}}]
["合计金额（元）：壹仟玖佰玖拾捌万零柒佰柒拾柒元整",{"$nulls":5},{"$f":"SUM(G2:G5)","v":{"v":19980777,"d":"19,980,777.00"}}]

{"sheet":"明细表","index":1,"n_rows":161,"n_cols":7,"rows_kept":161,"merged":[[1,0,1,6],[2,0,2,6],[10,0,10,6],[13,0,13,6],[23,0,23,6],[28,0,28,6],[31,0,31,6],[32,0,32,6],[41,0,41,6],[44,0,44,6],[52,0,52,6],[57,0,57,6],[60,0,60,6],[61,0,61,6],[69,0,69,6],[73,0,73,6],[83,0,83,6],[88,0,88,6],[91,0,91,6],[92,0,92,6],[112,0,112,6],[128,0,128,6],[147,0,147,6],[160,0,160,6]]}
["序号","产品名称","品牌型号","单位","数量","单价","小计"]
["10米激光报靶系统"]
["一、10米靶端套装"]
[1,"10米激光靶靶标","品牌：SIUS、型号：LS10G3",60,"套",{"v":38394,"d":"38,394.00"},{"$f":"F4*D4","v":{"v":2303640,"d":"2,303,640.00"}}]
[2,"10米气步枪靶面","品牌：SIUS、型号：S20A023/10",400,"张",{"v":18,"d":"18.00"},{"$f":"F5*D5","v":{"v":7200,"d":"7,200.00"}}]
[3,"10米气手枪靶面","品牌：SIUS、型号：S20A022/10",400,"张",{"v":18,"d":"18.00"},{"v":7200,"d":"7,200.00"}]
[4,"10米靶标支架，含收弹器","品牌：SIUS、型号：LS10G2AN002",60,"套",{"v":7321,"d":"7,321.00"},{"v":439260,"d":"439,260.00"}]
[5,"10米激光靶取证套装","品牌：SIUS、型号：LS10G2AN008",60,"套",{"v":14578,"d":"14,578.00"},{"v":874680,"d":"874,680.00"}]
[6,"靶端设备配套电源套装","品牌：SIUS、型号：SPS01",24,"套",{"v":8000,"d":"8,000.00"},{"v":192000,"d":"192,000.00"}]
[7,"靶端设备配套线缆套装","品牌：SIUS、型号：cable",60,"套",{"v":1800,"d":"1,800.00"},{"v":108000,"d":"108,000.00"}]
["二、射手端套装"]
[8,"射手端一体式显示器","品牌：SIUS、型号：SAM01",60,"套",{"v":37810,"d":"37,810.00"},{"$f":"F12*D12","v":{"v":2268600,"d":"2,268,600.00"}}]
[9,"射手端配套电源线缆套装","品牌：SIUS、型号：cable",14,"套",{"v":1500,"d":"1,500.00"},{"$f":"F13*D13","v":{"v":21000,"d":"21,000.00"}}]
["三、中控台套装"]
[10,"中央控制台","品牌：SIUS、型号：SNC02",6,"台",{"v":21000,"d":"21,000.00"},{"$f":"F15*D15","v":{"v":126000,"d":"126,000.00"}}]
[11,"中控台成绩处理系统","品牌：SIUS、型号：TLCD-STYX",6,"套",{"v":15000,"d":"15,000.00"},{"$f":"F16*D16","v":{"v":90000,"d":"90,000.00"}}]
[12,"中控台数据转换系统","品牌：SIUS、型号：STE01",6,"台",{"v":28800,"d":"28,800.00"},{"v":172800,"d":"172,800.00"}]
[13,"综合数据转换盒","品牌：SIUS、型号：STL01",6,"台",{"v":37600,"d":"37,600.00"},{"v":225600,"d":"225,600.00"}]
[14,"数据转换操作台","品牌：SIUS、型号：定制",6,"台",{"v":7500,"d":"7,500.00"},{"v":45000,"d":"45,000.00"}]
[15,"终端成绩输出处理装置","品牌：HP、型号：M254dn彩色",6,"台",{"v":3500,"d":"3,500.00"},{"v":21000,"d":"21,000.00"}]
[16,"成绩显示系统","品牌：AOC、型号：65F1",6,"套",{"v":9500,"d":"9,500.00"},{"v":57000,"d":"57,000.00"}]
[17,"中控台配套线缆套装","品牌：SIUS、型号：cable",6,"套",{"v":5000,"d":"5,000.00"},{"v":30000,"d":"30,000.00"}]
[18,"中控台配套电源套装","品牌：SIUS、型号：SPS01",6,"套",{"v":8000,"d":"8,000.00"},{"v":48000,"d":"48,000.00"}]
["四、中控室设备套装"]
[19,"自动排名系统套装","品牌：SIUS、型号：SIUSRANK",1,"套",{"v":233976,"d":"233,976.00"},{"$f":"F25*D25","v":{"v":233976,"d":"233,976.00"}}]
[20,"中控室网络服务器设备套装","品牌：SIUS、型号：SNS04",2,"套",{"v":152000,"d":"152,000.00"},{"$f":"F26*D26","v":{"v":304000,"d":"304,000.00"}}]
[21,"终端成绩输出处理装置","品牌：HP、型号：M254dn彩色",1,"个",{"v":3500,"d":"3,500.00"},{"v":3500,"d":"3,500.00"}]
[22,"中控室配套线缆套装","品牌：SIUS、型号：cable",1,"套",{"v":34000,"d":"34,000.00"},{"v":34000,"d":"34,000.00"}]
["五、观众显示套装"]
[23,"成绩数据转换显示系统","品牌：Unilumin、型号：COB1.53",1,"套",{"v":699718,"d":"699,718.00"},{"$f":"F30*D30","v":{"v":699718,"d":"699,718.00"}}]
[24,"观众显示成绩转换设备","品牌：SIUS、型号：SLS01",4,"台",{"v":28000,"d":"28,000.00"},{"$f":"F31*D31","v":{"v":112000,"d":"112,000.00"}}]
["25米激光报靶系统"]
["一、25米靶端套装"]
[1,"25米激光靶靶标","品牌：SIUS、型号：LS25/50",40,"套",{"v":40800,"d":"40,800.00"},{"$f":"F34*D34","v":{"v":1632000,"d":"1,632,000.00"}}]
[2,"标准手枪靶面","品牌：SIUS、型号：S50A031",430,"张",{"v":60,"d":"60.00"},{"$f":"F35*D35","v":{"v":25800,"d":"25,800.00"}}]
[3,"速射手枪靶面","品牌：SIUS、型号：S50A033",430,"张",{"v":60,"d":"60.00"},{"v":25800,"d":"25,800.00"}]
[4,"橡胶靶面","品牌：SIUS、型号：LS25/50004",120,"张",{"v":460,"d":"460.00"},{"v":55200,"d":"55,200.00"}]
[5,"信号灯","品牌：SIUS、型号：LS2550AN002",40,"个",{"v":3800,"d":"3,800.00"},{"v":152000,"d":"152,000.00"}]
[6,"25米靶标支架","品牌：SIUS、型号：SHS06",8,"套",{"v":35733,"d":"35,733.00"},{"v":285864,"d":"285,864.00"}]
[7,"靶端设备配套电源套装","品牌：SIUS、型号：SPS01",16,"套",{"v":8000,"d":"8,000.00"},{"v":128000,"d":"128,000.00"}]
[8,"靶端设备配套线缆套装","品牌：SIUS、型号：cable",40,"套",{"v":1800,"d":"1,800.00"},{"v":72000,"d":"72,000.00"}]
["二、射手端套装"]
[9,"射手端一体式显示器","品牌：SIUS、型号：SAM01",40,"套",{"v":37810,"d":"37,810.00"},{"$f":"F43*D43","v":{"v":1512400,"d":"1,512,400.00"}}]
[10,"射手端配套电源线缆套装","品牌：SIUS、型号：cable",40,"套",{"v":1500,"d":"1,500.00"},{"$f":"F44*D44","v":{"v":60000,"d":"60,000.00"}}]
["三、中控台套装"]
[11,"中控台成绩处理系统","品牌：SIUS、型号：TLCD-STYX",4,"套",{"v":15000,"d":"15,000.00"},{"$f":"F46*D46","v":{"v":60000,"d":"60,000.00"}}]
[12,"数据转换操作台","品牌：SIUS、型号：定制",4,"台",{"v":7500,"d":"7,500.00"},{"$f":"F47*D47","v":{"v":30000,"d":"30,000.00"}}]
[13,"终端成绩输出处理装置","品牌：HP、型号：M254dn彩色",4,"台",{"v":3500,"d":"3,500.00"},{"v":14000,"d":"14,000.00"}]
[14,"成绩显示系统","品牌：AOC、型号：65F1",4,"套",{"v":9500,"d":"9,500.00"},{"v":38000,"d":"38,000.00"}]
[15,"25米时间控制单元","品牌：SIUS、型号：RCS01",4,"台",{"v":41880,"d":"41,880.00"},{"v":167520,"d":"167,520.00"}]
[16,"中控台配套线缆套装","品牌：SIUS、型号：cable",4,"套",{"v":5000,"d":"5,000.00"},{"v":20000,"d":"20,000.00"}]
[17,"中控台配套电源套装","品牌：SIUS、型号：SPS01",4,"套",{"v":8000,"d":"8,000.00"},{"v":32000,"d":"32,000.00"}]
["四、中控室设备套装"]
[18,"自动排名系统套装","品牌：SIUS、型号：SIUSRANK",1,"套",{"v":233976,"d":"233,976.00"},{"$f":"F54*D54","v":{"v":233976,"d":"233,976.00"}}]
[19,"中控室网络服务器设备套装","品牌：SIUS、型号：SNS04",2,"套",{"v":152000,"d":"152,000.00"},{"$f":"F55*D55","v":{"v":304000,"d":"304,000.00"}}]
[20,"终端成绩输出处理装置","品牌：HP、型号：M254dn彩色",1,"个",{"v":3500,"d":"3,500.00"},{"v":3500,"d":"3,500.00"}]
[21,"中控室配套线缆套装","品牌：SIUS、型号：cable",1,"套",{"v":34000,"d":"34,000.00"},{"v":34000,"d":"34,000.00"}]
["五、观众显示套装"]
[22,"成绩数据转换显示系统","品牌：Unilumin、型号：COB1.53",1,"套",{"v":421312.4,"d":"421,312.40"},{"$f":"F59*D59","v":{"v":421312.4,"d":"421,312.40"}}]
[23,"观众显示成绩转换设备","品牌：SIUS、型号：SLS01",4,"台",{"v":28000,"d":"28,000.00"},{"$f":"F60*D60","v":{"v":112000,"d":"112,000.00"}}]
["50米激光报靶系统"]
["一、50米靶端套装"]
[1,"50米激光靶靶标","品牌：SIUS、型号：LS25/50",40,"套",{"v":40800,"d":"40,800.00"},{"$f":"F63*D63","v":{"v":1632000,"d":"1,632,000.00"}}]
[2,"慢射手枪靶面","品牌：SIUS、型号：S50A031",430,"张",{"v":60,"d":"60.00"},{"$f":"F64*D64","v":{"v":25800,"d":"25,800.00"}}]
[3,"小口径步枪靶面","品牌：SIUS、型号：S50A030",430,"张",{"v":60,"d":"60.00"},{"v":25800,"d":"25,800.00"}]
[4,"橡胶靶面","品牌：SIUS、型号：HS25/50A071",60,"张",{"v":100,"d":"100.00"},{"v":6000,"d":"6,000.00"}]
[5,"50米标靶复合支架","品牌：SIUS、型号：SHS07",40,"个",{"v":3800,"d":"3,800.00"},{"v":152000,"d":"152,000.00"}]
[6,"靶端设备配套电源套装","品牌：SIUS、型号：SPS01",16,"套",{"v":8000,"d":"8,000.00"},{"v":128000,"d":"128,000.00"}]
[7,"靶端设备配套线缆套装","品牌：SIUS、型号：cable",40,"套",{"v":1800,"d":"1,800.00"},{"v":72000,"d":"72,000.00"}]
["二、射手端套装"]
[8,"射手端一体式显示器","品牌：SIUS、型号：SAM01",40,"套",{"v":37810,"d":"37,810.00"},{"$f":"F71*D71","v":{"v":1512400,"d":"1,512,400.00"}}]
[9,"运动员操作手柄","品牌：SIUS、型号：RCA01",40,"个",{"v":1200,"d":"1,200.00"},{"$f":"F72*D72","v":{"v":48000,"d":"48,000.00"}}]
[10,"射手端配套电源线缆套装","品牌：SIUS、型号：cable",40,"套",{"v":1500,"d":"1,500.00"},{"v":60000,"d":"60,000.00"}]
["三、中控台套装"]
[11,"中央控制台","品牌：SIUS、型号：SNC02",4,"台",{"v":21000,"d":"21,000.00"},{"$f":"F75*D75","v":{"v":84000,"d":"84,000.00"}}]
[12,"中控台成绩处理系统","品牌：SIUS、型号：TLCD-STYX",4,"套",{"v":15000,"d":"15,000.00"},{"$f":"F76*D76","v":{"v":60000,"d":"60,000.00"}}]
[13,"中控台数据转换系统","品牌：SIUS、型号：STE01",6,"台",{"v":28800,"d":"28,800.00"},{"v":172800,"d":"172,800.00"}]
[14,"综合数据转换盒","品牌：SIUS、型号：STL01",6,"台",{"v":37600,"d":"37,600.00"},{"v":225600,"d":"225,600.00"}]
[15,"数据转换操作台","品牌：SIUS、型号：定制",4,"台",{"v":7500,"d":"7,500.00"},{"v":30000,"d":"30,000.00"}]
[16,"终端成绩输出处理装置","品牌：HP、型号：M254dn彩色",4,"台",{"v":3500,"d":"3,500.00"},{"v":14000,"d":"14,000.00"}]
[17,"成绩显示系统","品牌：AOC、型号：65F1",4,"套",{"v":9500,"d":"9,500.00"},{"v":38000,"d":"38,000.00"}]
[18,"中控台配套线缆套装","品牌：SIUS、型号：cable",4,"套",{"v":5000,"d":"5,000.00"},{"v":20000,"d":"20,000.00"}]
[19,"中控台配套电源套装","品牌：SIUS、型号：SPS01",4,"套",{"v":8000,"d":"8,000.00"},{"v":32000,"d":"32,000.00"}]
["四、中控室设备套装"]
[20,"自动排名系统套装","品牌：SIUS、型号：SIUSRANK",1,"套",{"v":233976,"d":"233,976.00"},{"$f":"F85*D85","v":{"v":233976,"d":"233,976.00"}}]
[21,"中控室网络服务器设备套装","品牌：SIUS、型号：SNS04",2,"套",{"v":152000,"d":"152,000.00"},{"$f":"F86*D86","v":{"v":304000,"d":"304,000.00"}}]
[22,"终端成绩输出处理装置","品牌：HP、型号：M254dn彩色",1,"个",{"v":3500,"d":"3,500.00"},{"$f":"F87*D87","v":{"v":3500,"d":"3,500.00"}}]
[23,"中控室配套线缆套装","品牌：SIUS、型号：cable",1,"套",{"v":34000,"d":"34,000.00"},{"$f":"F88*D88","v":{"v":34000,"d":"34,000.00"}}]
["五、观众显示套装"]
[24,"成绩数据转换显示系统","品牌：Unilumin、型号：COB1.53",1,"套",{"v":655519.6,"d":"655,519.60"},{"$f":"F90*D90","v":{"v":655519.6,"d":"655,519.60"}}]
[25,"观众显示成绩转换设备","品牌：SIUS、型号：SLS01",4,"台",{"v":28000,"d":"28,000.00"},{"$f":"F91*D91","v":{"v":112000,"d":"112,000.00"}}]
["电子靶安装所配套的场地改造"]
["10米靶场"]
[1,"凿（压)槽","品牌：/、型号：100mm*140mm","m",60,23.862,{"$f":"E94*F94","v":{"v":1431.72,"d":"1,431.72"}}]
[2,"地面恢复","品牌： / 、型号：100*140mm","m2",6,132.17,{"$f":"E95*F95","v":793.02}]
[3,"线槽","品牌：宏发 、型号：Q235 ","m",60,15.36,{"v":921.6,"d":"921.60"}]
[4,"配线","品牌：珠江、型号：BVV-3×4mm²","m",765,24.94,{"v":19079.1,"d":"19,079.10"}]
[5,"插座","品牌：人民牌 、型号：250V/10A","个",48,20.98,{"v":1007.04,"d":"1,007.04"}]
[6,"配电箱","品牌：人民牌、型号：600mm（宽）×400mm（高）×200mm（深）","台",1,{"v":2773.49,"d":"2,773.49"},{"v":2773.49,"d":"2,773.49"}]
[7,"线槽","品牌：宏发 、型号：50MM","m",70,17.86,{"v":1250.2,"d":"1,250.20"}]
[8,"线槽","品牌：宏发 、型号：Q235","m",5,31.34,{"v":156.7,"d":"156.70"}]
[9,"电力电缆","品牌：珠江 、型号：YJV-0.6/1kV-5×4mm²","m",95,25.97,{"v":2467.15,"d":"2,467.15"}]
[10,"装饰灯","品牌：三雄极光、型号：PAK567014","套",55,170.19,{"v":9360.45,"d":"9,360.45"}]
[11,"装饰灯","品牌：三雄极光、型号：PAK411495","套",35,199.37,{"v":6977.95,"d":"6,977.95"}]
[12,"投光灯","品牌：三雄极光、型号：PAK475441","套",65,{"v":300.7,"d":"300.70"},{"v":19545.5,"d":"19,545.50"}]
[13,"配管","品牌：利达、型号：DN15mm","m",891.6,10.52,{"v":9379.632,"d":"9,379.63"}]
[14,"配线","品牌：珠江、型号：BV-2.5mm2","m",1783,3.64,{"v":6490.12,"d":"6,490.12"}]
[15,"照明开关","品牌：人民牌、型号：10A/250V","个",30,20.05,{"v":601.5,"d":"601.50"}]
[16,"电力电缆","品牌：珠江 、型号：YJV-3*35mm2","m",50,95.56,{"v":4778,"d":"4,778.00"}]
[17,"控制室","品牌：/ 、型号：建筑面积9㎡","个",1,{"v":11300,"d":"11,300.00"},{"v":11300,"d":"11,300.00"}]
[18,"倒计时钟","品牌：佩凯仕、 型号：LD-3","个",2,{"v":4800,"d":"4,800.00"},{"v":9600,"d":"9,600.00"}]
[19,"倒计时钟","品牌：佩凯仕、型号：LS-3","个",1,{"v":9600,"d":"9,600.00"},{"v":9600,"d":"9,600.00"}]
["25米靶场"]
[1,"凿（压)槽","品牌：/、 型号：100mm*140mm","m",60,23.862,{"$f":"F114*E114","v":{"v":1431.72,"d":"1,431.72"}}]
[2,"线槽","品牌：宏发、 型号：Q235 ","m",60,15.36,{"$f":"F115*E115","v":{"v":921.6,"d":"921.60"}}]
[3,"插座","品牌：人民牌、型号：250V/10A","个",48,20.98,{"v":1007.04,"d":"1,007.04"}]
[4,"配电箱","品牌：人民牌、 型号：600mm（宽）×400mm（高）×200mm（深）","台",1,{"v":2773.49,"d":"2,773.49"},{"v":2773.49,"d":"2,773.49"}]
[5,"电力电缆","品牌：珠江、型号：YJV-5*4mm2","m",95,25.97,{"v":2467.15,"d":"2,467.15"}]
[6,"线槽","品牌：宏发 、型号：Q235","m",5,31.34,{"v":156.7,"d":"156.70"}]
[7,"配线","品牌：珠江、 型号：BVV-3×4mm²","m",765,24.94,{"v":19079.1,"d":"19,079.10"}]
[8,"电力电缆","品牌：珠江 、型号：YJV-3*35mm2","m",50,95.56,{"v":4778,"d":"4,778.00"}]
[9,"装饰灯","品牌：三雄极光、型号：PAK567014","套",55,170.19,{"v":9360.45,"d":"9,360.45"}]
[10,"装饰灯","品牌：三雄极光、型号：PAK411495","套",35,199.37,{"v":6977.95,"d":"6,977.95"}]
[11,"配管","品牌：利达 、型号：DN15mm","m",440.4,10.52,{"v":4633.008,"d":"4,633.01"}]
[12,"配线","品牌：珠江、 型号：BV-2.5mm2","m",880.77,3.64,{"v":3206.0028,"d":"3,206.00"}]
[13,"照明开关","品牌：人民牌 、型号：10A/250V","个",11,20.05,220.55]
[14,"控制室","品牌：/  、型号：建筑面积9㎡","个",1,{"v":11300,"d":"11,300.00"},{"v":11300,"d":"11,300.00"}]
[15,"倒计时钟","品牌：佩凯仕、 型号：LD-3","个",2,{"v":4800,"d":"4,800.00"},{"v":9600,"d":"9,600.00"}]
["50米靶场"]
[1,"插座","品牌：人民牌 、型号：250V/10A","个",48,20.89,{"$f":"F130*E130","v":{"v":1002.72,"d":"1,002.72"}}]
[2,"凿（压)槽","品牌：/  、型号：100*140mm","m",150,23.87,{"$f":"F131*E131","v":{"v":3580.5,"d":"3,580.50"}}]
[3,"配电箱","品牌：人民牌、 型号：600mm（宽）×400mm（高）×200mm（深）\n","台",1,{"v":2773.49,"d":"2,773.49"},{"v":2773.49,"d":"2,773.49"}]
[4,"线槽","品牌：宏发、型号：Q235","m",5,31.34,{"v":156.7,"d":"156.70"}]
[5,"电力电缆","品牌：珠江 、型号：YJV-5*4mm2","m",95,25.97,{"v":2467.15,"d":"2,467.15"}]
[6,"配线","品牌：珠江 、型号：BVV-3×4mm2","m",995,24.94,{"v":24815.3,"d":"24,815.30"}]
[7,"墙面装饰板","品牌：泓炎、型号：方钢 3mm","m2",60,119.94,{"v":7196.4,"d":"7,196.40"}]
[8,"墙柱面龙骨及饰面拆除","品牌：/  、型号：/","m2",60,8.65,{"v":519,"d":"519.00"}]
[9,"电力电缆","品牌：珠江、型号：YJV-3*35mm2","m",50,95.56,{"v":4778,"d":"4,778.00"}]
[10,"装饰灯","品牌：三雄极光、型号：PAK567014","套",55,170.19,{"v":9360.45,"d":"9,360.45"}]
[11,"装饰灯","品牌：三雄极光、型号：PAK411495","套",35,199.37,{"v":6977.95,"d":"6,977.95"}]
[12,"配管","品牌：利达、 型号：DN15mm","m",831.4,10.52,{"v":8746.328,"d":"8,746.33"}]
[13,"配线","品牌：珠江、型号：BV-2.5mm2）","m",1662.77,3.64,{"v":6052.4828,"d":"6,052.48"}]
[14,"照明开关","品牌：人民牌 、型号：10A/250V","个",18,20.05,{"v":360.9,"d":"360.90"}]
[15,"投光灯","品牌：三雄极光、型号：PAK475441","套",40,{"v":300.7,"d":"300.70"},{"v":12028,"d":"12,028.00"}]
[16,"控制室","品牌：/  、型号：建筑面积9㎡","个",1,{"v":11300,"d":"11,300.00"},{"v":11300,"d":"11,300.00"}]
[17,"倒计时钟","品牌：佩凯仕、 型号：LD-3","个",2,{"v":4800,"d":"4,800.00"},{"v":9600,"d":"9,600.00"}]
[18,"倒计时钟","品牌：佩凯仕、型号：LS-3","个",1,{"v":9600,"d":"9,600.00"},{"v":9600,"d":"9,600.00"}]
["比赛专用器材"]
[1,"空气压缩气瓶及工具","品牌：友谊、型号：YYZST-QY93","个",3,{"v":2700,"d":"2,700.00"},{"$f":"F149*E149","v":{"v":8100,"d":"8,100.00"}}]
[2,"充气压缩机","品牌：友谊、型号：YYZST-RS76","台",1,{"v":15000,"d":"15,000.00"},{"$f":"F150*E150","v":{"v":15000,"d":"15,000.00"}}]
[3,"扳机引力秤锤","品牌：友谊、型号：YYZST-HQ87","个",3,{"v":1200,"d":"1,200.00"},{"v":3600,"d":"3,600.00"}]
[4,"沙袋测量器","品牌：友谊、型号：YYZST-KU77","个",2,{"v":300,"d":"300.00"},{"v":600,"d":"600.00"}]
[5,"气步枪尺寸检查模板","品牌：友谊、型号：YYZST-QV13","个",2,{"v":1200,"d":"1,200.00"},{"v":2400,"d":"2,400.00"}]
[6,"游标卡尺","品牌：友谊、型号：YYZST-KH46","个",1,{"v":300,"d":"300.00"},{"v":300,"d":"300.00"}]
[7,"深度尺","品牌：友谊、型号：YYZST-EJ96","个",1,{"v":150,"d":"150.00"},{"v":150,"d":"150.00"}]
[8,"量枪盒","品牌：友谊、型号：YYZST-SB98","个",1,{"v":950,"d":"950.00"},{"v":950,"d":"950.00"}]
[9,"装备合格证","品牌：友谊、型号：YYZST-DJ51","个",350,{"v":0.5,"d":"0.50"},{"v":175,"d":"175.00"}]
[10,"处罚牌","品牌：友谊、型号：YYZST-BJ83","张",9,{"v":45,"d":"45.00"},{"v":405,"d":"405.00"}]
[11,"水平仪","品牌：友谊、型号：YYZST-UC40","台",1,{"v":150,"d":"150.00"},{"v":150,"d":"150.00"}]
[12,"电子大屏","品牌：Unilumin    型号：PM2.0","个",1,{"v":107263.7,"d":"107,263.70"},{"v":107263.7,"d":"107,263.70"}]
["报价：壹仟玖佰玖拾捌万零柒佰柒拾柒元整\n                                                                （小写：¥19980777元）"]